000 00997nam a2200253 i 4500
001 184083
003 ES-MaACL
005 20251001203308.0
008 150312s1969 sp |||| | lat
080 _a264.02:262.5 Vat.II
111 2 _aConcilio Vaticano (
_n2º.
_d1962-1965)
_9122
245 1 3 _aLa liturgia después del Vaticano II :
_bbalances, estudios, prospecciones : Constitución "Sacrosantum Concilium" /
_ccomentarios de Y. Congar ... [et al.] ; bajo la dirección de J.-P. Jossua e Y. Congar ; presentacion española por Jesús Aguirre.
260 _aMadrid :
_bTaurus,
_c[1969]
300 _a515 p. ;
_c22 cm.
490 1 _aVaticano II ;
_v3
546 _aTexto latino y traducción española.
650 4 _aLiturgia.
_914683
700 1 _aCongar, Yves,
_d1904-1995
_940170
700 1 _aJossua, Jean Pierre.
_967004
700 1 _aAguirre, Jesús,
_cDuque de Alba.
_9125561
830 1 _aVaticano II ;
_v3
_9192023
852 4 _aES-MaACL
_jE-15476
999 _c184083
_d184083